000 00415nam a2200133Ia 4500
008 211109s9999||||xx |||||||||||||| ||und||
082 _a248.4
_bSAL-I
100 _aDe Sales, Francis
245 0 _aIntroduction to the Devout Life
260 _bS h LEAGUE, ALWAYE NORTH P.O KERALA
_aINDIA
_c1958
630 _xGeneral Stack
650 _aChristian experience, practice & life
_vChristianity
_xGeneralia
942 _cBOOK
999 _c22851
_d22851